| 000 | 00503nam a22001697a 4500 | ||
|---|---|---|---|
| 003 | OSt | ||
| 008 | 221007b |||||||| |||| 00| 0 eng d | ||
| 020 | _a9789351243564 | ||
| 041 | _aeng | ||
| 082 |
_a631.56 _bCHA/MA |
||
| 245 | _aManaging Postharvest Quality and Losses in Horticultural Crops, Volume -1, Fruit Crops | ||
| 260 |
_aNew Delhi _bDaya Publishing House, A Division of Astral International Pvt.Ltd _c2015 |
||
| 300 | _a253 to579 | ||
| 700 | _aChadha,K.L | ||
| 700 | _aPal,R.K | ||
| 942 | _cBK | ||
| 999 |
_c14470 _d14470 |
||